Drapeaux du Monde - Aléatoire - Statistiques

Statistiques générales
  • Ce quiz a été pris 42 663 fois
    17 762 depuis la dernière actualisation
  • Le résultat moyen est 15 sur 20
Statistiques - réponses
Par images Réponse % Correct
Canada
98%
France
97%
Japon
97%
Allemagne
96%
Belgique
96%
Brésil
96%
États-Unis
96%
Italie
96%
Portugal
96%
Suède
96%
Suisse
96%
Argentine
95%
Espagne
95%
Royaume-Uni
95%
Ukraine
95%
Afrique du Sud
94%
Algérie
94%
Chine
94%
Chypre
94%
Corée du Sud
94%
Grèce
94%
Israël
94%
Maroc
94%
Norvège
94%
Russie
94%
Turquie
94%
Albanie
93%
Australie
93%
Inde
93%
Irlande
93%
Mexique
93%
Arabie Saoudite
92%
Croatie
92%
Finlande
92%
Jamaïque
92%
Pays-Bas
92%
Pologne
92%
Roumanie
92%
Tunisie
92%
Liban
91%
Égypte
90%
Uruguay
90%
Cuba
89%
Géorgie
89%
Qatar
89%
Viêt Nam
89%
Côte d'Ivoire
88%
Iran
88%
Népal
88%
Nigeria
88%
Nouvelle-Zélande
88%
République Tchèque
88%
Danemark
87%
Estonie
87%
Islande
87%
Macédoine du Nord
87%
Autriche
86%
Colombie
86%
Luxembourg
86%
Serbie
86%
Corée du Nord
85%
Kenya
85%
Monaco
85%
Sénégal
85%
Slovaquie
85%
Malte
84%
Vatican
84%
Venezuela
84%
Hongrie
83%
Kazakhstan
83%
Thaïlande
83%
Bangladesh
82%
Bulgarie
82%
Pakistan
82%
Panama
82%
République Démocratique du Congo
82%
Slovénie
82%
Indonésie
81%
Irak
81%
Kosovo
81%
Pérou
81%
Angola
80%
Cameroun
80%
Chili
80%
Équateur
80%
Bosnie-Herzégovine
78%
Cambodge
78%
Malaisie
78%
Sri Lanka
78%
Andorre
77%
Arménie
77%
Bhoutan
77%
Lettonie
77%
Saint-Marin
77%
Laos
76%
Philippines
76%
Singapour
76%
Biélorussie
75%
Émirats Arabes Unis
75%
Mali
74%
Moldavie
74%
Monténégro
74%
Azerbaïdjan
72%
Éthiopie
72%
Ghana
72%
Honduras
72%
Liechtenstein
72%
Madagascar
72%
Seychelles
72%
Mongolie
71%
Somalie
71%
Costa Rica
70%
Haïti
70%
Ouzbékistan
70%
Lituanie
69%
Ouganda
69%
Taïwan
69%
Tchad
69%
Bahreïn
68%
Barbade
67%
Burkina Faso
66%
Liberia
66%
Syrie
66%
Afghanistan
65%
Jordanie
64%
Nicaragua
64%
République Dominicaine
64%
Tanzanie
64%
Cap-Vert
63%
Comores
63%
Fidji
63%
Gabon
63%
Guatemala
63%
Mozambique
63%
Paraguay
63%
Mauritanie
62%
Niger
62%
Papouasie-Nouvelle-Guinée
62%
Sainte-Lucie
61%
Turkménistan
61%
Bénin
59%
Koweït
59%
Kirghizistan
58%
Palaos
58%
Soudan
58%
Yémen
58%
Brunei
57%
Eswatini
57%
Libye
57%
République Centrafricaine
57%
République du Congo
57%
Salvador
57%
Suriname
57%
Belize
56%
Birmanie
56%
Burundi
56%
États Fédérés de Micronésie
56%
Guinée
56%
Oman
56%
Togo
56%
Bahamas
55%
Bolivie
55%
Tonga
55%
Zambie
55%
Lesotho
54%
Trinité-et-Tobago
54%
Zimbabwe
54%
Djibouti
53%
Érythrée
53%
Botswana
52%
Malawi
52%
Namibie
52%
Saint-Vincent-et-les-Grenadines
52%
Tadjikistan
52%
Samoa
51%
Maldives
50%
Antigua-et-Barbuda
49%
Dominique
49%
Guinée-Bissau
49%
Kiribati
49%
Maurice
49%
Îles Marshall
48%
Soudan du Sud
48%
Grenade
47%
Nauru
47%
Tuvalu
46%
Guinée Équatoriale
45%
Sierra Leone
45%
Timor Oriental
44%
Guyana
43%
Rwanda
43%
Gambie
41%
Vanuatu
41%
Îles Salomon
39%
Sao Tomé-et-Principe
39%
Saint-Christophe-et-Niévès
37%
Aucun quiz correspondant
Distribution des résultats
% des personnes avec chaque résultat
Percentile par nombre de réponses
Votre historique - résultats
Vous n’avez pas pris ce quiz depuis la dernière actualisation